| 000 | 00476nam a2200169Ia 4500 | ||
|---|---|---|---|
| 008 | 181130s2018 xx 000 0 und d | ||
| 100 | _aWang, Lei et al | ||
| 245 |
_aHuman capital and the middle income trap: _bhow many of China's youth are going to high school? |
||
| 260 | _c2018 | ||
| 300 | _ap.82-103. | ||
| 504 | _dJun | ||
| 650 | _aHuman capital | ||
| 650 | _aLabour force | ||
| 650 | _aYouth - China | ||
| 773 | _aDeveloping Economies | ||
| 906 | _aHuman capital | ||
| 999 |
_c506595 _d506595 |
||